| 000 | 00742nam a2200217 i 4500 | ||
|---|---|---|---|
| 001 | 122647 | ||
| 003 | ES-MaACL | ||
| 005 | 20250812031624.0 | ||
| 007 | t| | ||
| 008 | 070214s1955 mx af |||| | spa d | ||
| 080 | _a7(399.7) | ||
| 100 | 1 |
_aPuig, Pilar. _994242 |
|
| 245 | 1 | 4 |
_aLos mayas en su esplendor _b: colección de 29 dibujos originales del viejo imperio maya / _ccon pies y texto de la pintora Pilar Puig ; prólogo de Vladimiro Rosado Ojeda. |
| 260 |
_aMéxico : _bFournier : _bUniversidad, _c1955. |
||
| 300 |
_a21 p., 29 lám. : _bil. ; _c33 cm. |
||
| 650 | 7 |
_aArte maya _2embne _9144925 |
|
| 650 | 0 | 4 |
_aMayas. _9146359 |
| 700 | 1 |
_aRosado Ojeda, Vladimiro. _999628 |
|
| 852 |
_aES-MaACL _jC-11150 |
||
| 999 |
_c122647 _d122647 |
||